000
00291nam a2200133Ia 4500
100
_a
Herstein/ I.N./ Winter/ D.
942
_c
BK
654
_a
Algebra
245
_a
Primer on Linear Algebra
260
_b
Macmillan pub
_a
New York
_c
1990
300
_a
563
546
_a
ENGLISH
999
_c
32818
_d
32818